| 000 | 00625nam a2200217Ia 4500 | ||
|---|---|---|---|
| 008 | 160517s9999 xx 000 0 und d | ||
| 050 | _aBF 698.4 | ||
| 050 | _b.P123 2016 | ||
| 100 | _aPadigos, Danica Alyssa B. | ||
| 245 | _aSelf- regard and personality types of freelance runway models in Metro Manila/ | ||
| 245 | _cDanica Alyssa B. Padigos. | ||
| 260 | _aLas PiƱas, Philippines : | ||
| 260 | _bSISC, | ||
| 260 | _c2016. | ||
| 300 | _a107 pages : | ||
| 300 | _billustrations ; | ||
| 300 | _c28 cm. | ||
| 500 | _aIncludes bibliographical references and appendices. | ||
| 521 | _aPsychology | ||
| 942 | _cTH | ||
| 999 |
_c294005 _d294005 |
||